Statistiques concernant Pôles verts d'Auvergne-Rhône-Alpes sur une carte

Cliquez ici pour prendre le quiz!

Statistiques générales

  • Ce quiz a été pris 36 fois
  • Le résultat moyen est 32 sur 44

Réponses sur la Carte

Les réponses sont colorées sur une échelle allant du rouge au vert en fonction du pourcentage des utilisateurs qui les ont devinées à leur premier essai. Vous pouvez retrouver ces pourcentages ci-dessous.
 

Statistiques - réponses

NiveauVille% Correct
3Clermont-Ferrand
100%
5Lyon
100%
4Saint-Etienne
100%
4Annecy
97%
3Aurillac
97%
4Chambéry
97%
5Grenoble
97%
4Valence
97%
4Villeurbanne
97%
3Bourg-en-Bresse
94%
3Le-Puy-en-Velay
94%
3Privas
94%
3Vichy
91%
4Roanne
88%
3Montluçon
85%
3Montélimar
79%
3Moulins
79%
3Annemasse
76%
3Chamonix-Mont Blanc
76%
3Evian-les-Bains
76%
3Riom
76%
3Thonon-les-Bains
76%
3Vienne
74%
3Vénissieux
71%
3Villefranche-sur-Saône
71%
3Oyonnax
68%
3Albertville
65%
3Vaulx-en-Velin
65%
3Annonay
62%
3Caluire-et-Cuire
56%
3Echirolles
56%
3Bourgoin-Jallieu
53%
3Bron
53%
3Romans-sur-Isère
53%
3Saint-Chamond
53%
3Saint-Priest
53%
3Aix-les-Bains
50%
3Givors
50%
3Voiron
50%
3Aubenas
47%
3Thiers
47%
3Firminy
41%
3Saint-Martin-d’Hères
41%
3L'Isle-d’Abeau
29%

Distribution des résultats

Percentile par nombre de réponses

% des personnes avec chaque résultat

Votre développement - résultats

Vous n’avez pas pris ce quiz